| 000 | 00352nam a22001457a 4500 | ||
|---|---|---|---|
| 003 | OSt | ||
| 005 | 20230717055941.0 | ||
| 008 | 230717b |||||||| |||| 00| 0 eng d | ||
| 040 | _csero soft | ||
| 100 | _aGirdhar Baljeet | ||
| 245 | _aFundamental of physical education | ||
| 260 |
_aNew Delhi _bFriends publication |
||
| 300 | _a265 | ||
| 942 |
_2ddc _c01 |
||
| 999 |
_c56921 _d56921 |
||